Statistics for Madison Beer Songs

Click here to take the quiz!

General Stats

  • This quiz has been taken 257 times
    (256 since last reset)
  • The average score is 13 of 25

Answer Stats

HintAnswer% Correct
Selfish
82%
Baby
74%
feat. OffsetHurts Like Hell
70%
Dead
68%
Good In Goodbye
67%
Tyler Durden
67%
Boyshit
65%
Home With You
64%
Melodies
62%
Teenager in Love
60%
Fools
57%
Stained Glass
57%
HeartLess
53%
Dear Society
52%
Say It to My Face
50%
J&JAll for love
47%
Pop/Stars
45%
More
42%
Unbreakable
39%
Villain
38%
All Day And Night
36%
Something Sweet
35%
Blame It On Love
12%
I Won't Let You Walk Away
9%
We Are Monster High
7%

Score Distribution

Percentile by Number Answered

Percent of People with Each Score

Your Score History

You have not taken this quiz since the last reset